Historia del radicalismo : tomo 2 /
Guardado en:
| Autor Principal: | |
|---|---|
| Formato: | Libro |
| Publicado: |
Buenos Aires :
Oriente,
1974
|
| Materias: | |
| Etiquetas: |
Agregar Etiqueta
Sin Etiquetas, Sea el primero en etiquetar este registro!
|
| LEADER | 00651nam a22002055a 4500 | ||
|---|---|---|---|
| 001 | CEM.cems007607 | ||
| 005 | 20061103152952.0 | ||
| 008 | 130507s1974##################000#0#####d | ||
| 003 | CEMS | ||
| 082 | 0 | 4 | |a 982.06 |
| 100 | 1 | |a Monteverde, Mario R, dir | |
| 245 | 1 | 0 | |a Historia del radicalismo : |b tomo 2 / |c Mario R. Monteverde |
| 260 | |a Buenos Aires : |b Oriente, |c 1974 | ||
| 300 | |a 305 p. | ||
| 653 | |a Historia argentina 1930-1976 | ||
| 653 | |a Historia política argentina | ||
| 653 | |a Illia -presidencia | ||
| 653 | |a Partidos políticos-argentina | ||
| 653 | |a Radicalismo-argentina | ||
| 859 | |a CEMS |b BIB. CEMS - 11 de abril |h 982.06 |i M765 |p 17746.94 |t Ej.1 |v 2 |3 2 | ||
